[Event "Deutsche Ländermeisterschaft 2025"]
[Site "Oer-Erkenschwick GER"]
[Date "2025.10.01"]
[Round "1"]
[White "Gröschel, Karoline"]
[Black "Mai, Mariella"]
[Result "0-1"]
[Termination "normal"]
[Board "5.6"]
[WhiteElo "1984"]
[BlackElo "1748"]
[WhiteClock "00:35:10"]
[BlackClock "00:24:27"]
[WhiteTeam "Rheinland-Pfalz"]
[BlackTeam "Sachsen"]
[PlyCount "152"]
[WhiteFideId "34610537"]
[BlackFideId "16281780"]
[EventCountry "GER"]
[EventRounds "7"]
[EventType "team-swiss"]
[EventDate "2025.09.30"]

1. e4 {[%clk 01:30:57]} {[%emt 00:00:03]} c6 {[%clk 01:30:50]} {[%emt
00:00:11]} 2. d4 {[%clk 01:31:06]} {[%emt 00:00:21]} d5 {[%clk 01:30:48]}
{[%emt 00:00:31]} 3. Nc3 {[%clk 01:28:29]} {[%emt 00:03:07]} h6 {[%clk
01:28:39]} {[%emt 00:02:36]} 4. Bd3 {[%clk 01:13:25]} {[%emt 00:15:38]} dxe4
{[%clk 01:24:54]} {[%emt 00:04:16]} 5. Nxe4 {[%clk 01:13:49]} {[%emt 00:00:05]}
Nd7 {[%clk 01:16:25]} {[%emt 00:08:58]} 6. Nf3 {[%clk 01:09:57]} {[%emt
00:04:22]} Ngf6 {[%clk 01:07:27]} {[%emt 00:09:28]} 7. Ng3 {[%clk 00:59:58]}
{[%emt 00:10:30]} c5 {[%clk 00:50:00]} {[%emt 00:17:57]} 8. O-O {[%clk
00:57:18]} {[%emt 00:03:10]} cxd4 {[%clk 00:41:46]} {[%emt 00:08:44]} 9. Re1
{[%clk 00:53:37]} {[%emt 00:04:11]} Nc5 {[%clk 00:34:46]} {[%emt 00:07:29]} 10.
Bc4 {[%clk 00:43:24]} {[%emt 00:10:43]} e6 {[%clk 00:29:04]} {[%emt 00:06:12]}
11. b4 {[%clk 00:36:13]} {[%emt 00:07:42]} Na4 {[%clk 00:24:44]} {[%emt
00:04:50]} 12. a3 {[%clk 00:32:00]} {[%emt 00:04:43]} a6 {[%clk 00:23:09]}
{[%emt 00:02:04]} 13. Nxd4 {[%clk 00:29:19]} {[%emt 00:03:11]} Be7 {[%clk
00:17:51]} {[%emt 00:05:49]} 14. Bb3 {[%clk 00:26:44]} {[%emt 00:03:05]} Nc3
{[%clk 00:12:29]} {[%emt 00:05:52]} 15. Qd3 {[%clk 00:25:28]} {[%emt 00:01:45]}
Qc7 {[%clk 00:11:53]} {[%emt 00:01:07]} 16. Bb2 {[%clk 00:16:27]} {[%emt
00:09:31]} Ncd5 {[%clk 00:11:59]} {[%emt 00:00:23]} 17. c4 {[%clk 00:08:05]}
{[%emt 00:08:52]} Nf4 {[%clk 00:12:10]} {[%emt 00:00:19]} 18. Qd2 {[%clk
00:06:58]} {[%emt 00:01:37]} O-O {[%clk 00:11:43]} {[%emt 00:00:57]} 19. Nde2
{[%clk 00:03:32]} {[%emt 00:03:56]} Ng6 {[%clk 00:11:25]} {[%emt 00:00:49]} 20.
Rac1 {[%clk 00:02:51]} {[%emt 00:01:11]} b6 {[%clk 00:09:04]} {[%emt 00:02:51]}
21. Bc2 {[%clk 00:01:16]} {[%emt 00:02:05]} Ne5 {[%clk 00:07:58]} {[%emt
00:01:35]} 22. Bb1 {[%clk 00:01:22]} {[%emt 00:00:25]} Bb7 {[%clk 00:07:14]}
{[%emt 00:01:14]} 23. Qf4 {[%clk 00:00:51]} {[%emt 00:01:01]} Nfd7 {[%clk
00:05:53]} {[%emt 00:01:50]} 24. c5 {[%clk 00:00:55]} {[%emt 00:00:27]} Bg5
{[%emt 00:01:55]} 25. Bxe5 {[%clk 00:00:41]} {[%emt 00:00:38]} Nxe5 {[%clk
00:03:27]} {[%emt 00:01:37]} 26. cxb6 {[%clk 00:00:37]} {[%emt 00:00:34]} Qxc1
{[%clk 00:03:42]} {[%emt 00:00:16]} 27. Rxc1 {[%clk 00:00:45]} {[%emt
00:00:21]} Bxf4 {[%clk 00:03:59]} {[%emt 00:00:12]} 28. Nxf4 {[%clk 00:01:11]}
{[%emt 00:00:04]} Rac8 {[%clk 00:03:57]} {[%emt 00:00:32]} 29. Rc5 {[%clk
00:00:51]} {[%emt 00:00:49]} Nc4 {[%clk 00:01:51]} {[%emt 00:02:37]} 30. Rc7
{[%clk 00:00:34]} {[%emt 00:00:47]} Rxc7 {[%clk 00:01:44]} {[%emt 00:00:37]}
31. bxc7 {[%clk 00:01:00]} {[%emt 00:00:05]} Rc8 {[%clk 00:02:07]} {[%emt
00:00:07]} 32. Nd3 {[%clk 00:01:14]} {[%emt 00:00:16]} Nxa3 {[%clk 00:02:05]}
{[%emt 00:00:32]} 33. Ba2 {[%clk 00:01:34]} {[%emt 00:00:09]} Rxc7 {[%clk
00:02:23]} {[%emt 00:00:13]} 34. Nc5 {[%clk 00:01:13]} {[%emt 00:00:50]} Nc2
{[%clk 00:01:49]} {[%emt 00:01:04]} 35. Nd3 {[%clk 00:00:38]} {[%emt 00:01:05]}
Rc3 {[%clk 00:00:52]} {[%emt 00:01:28]} 36. Nc5 {[%clk 00:00:38]} {[%emt
00:00:30]} Nxb4 {[%clk 00:00:38]} {[%emt 00:00:44]} 37. Nxb7 {[%clk 00:00:57]}
{[%emt 00:00:10]} Nxa2 {[%clk 00:01:03]} {[%emt 00:00:05]} 38. f3 {[%clk
00:01:06]} {[%emt 00:00:22]} Nc1 {[%clk 00:01:21]} {[%emt 00:00:12]} 39. Ne4
{[%clk 00:01:10]} {[%emt 00:00:26]} Rc7 {[%clk 00:01:05]} {[%emt 00:00:46]} 40.
Nbc5 {[%clk 00:00:58]} {[%emt 00:00:42]} a5 {[%clk 00:01:14]} {[%emt 00:00:21]}
41. Kf1 {[%clk 08:01:03]} {[%emt 00:00:25]} Na2 {[%clk 00:00:59]} {[%emt
00:00:44]} 42. Na4 {[%clk 00:29:18]} {[%emt 00:02:15]} Rc4 {[%clk 00:29:31]}
{[%emt 00:01:58]} 43. Nb6 {[%clk 00:27:37]} {[%emt 00:02:12]} Rc1+ {[%clk
00:28:50]} {[%emt 00:01:10]} 44. Ke2 {[%clk 00:27:46]} {[%emt 00:00:20]} Nc3+
{[%clk 00:26:53]} {[%emt 00:02:28]} 45. Kd2 {[%clk 00:28:03]} {[%emt 00:00:12]}
Rb1 {[%clk 00:27:09]} {[%emt 00:00:14]} 46. Kxc3 {[%clk 00:27:51]} {[%emt
00:00:43]} Rxb6 {[%clk 00:27:28]} {[%emt 00:00:11]} 47. Nd2 {[%clk 00:27:40]}
{[%emt 00:00:41]} a4 {[%clk 00:27:09]} {[%emt 00:00:49]} 48. Nc4 {[%clk
00:27:58]} {[%emt 00:00:12]} Rb1 {[%clk 00:25:30]} {[%emt 00:02:10]} 49. h4
{[%clk 00:27:51]} {[%emt 00:00:36]} a3 {[%clk 00:23:48]} {[%emt 00:02:12]} 50.
Nxa3 {[%clk 00:28:12]} {[%emt 00:00:10]} Rg1 {[%clk 00:24:13]} {[%emt
00:00:04]} 51. g4 {[%clk 00:28:04]} {[%emt 00:00:38]} Rg3 {[%clk 00:24:36]}
{[%emt 00:00:07]} 52. Nc4 {[%clk 00:28:09]} {[%emt 00:00:26]} Rxf3+ {[%clk
00:24:50]} {[%emt 00:00:16]} 53. Kd2 {[%clk 00:28:33]} {[%emt 00:00:05]} Rf4
{[%clk 00:24:30]} {[%emt 00:00:50]} 54. Ne3 {[%clk 00:28:55]} {[%emt 00:00:07]}
h5 {[%clk 00:24:10]} {[%emt 00:00:50]} 55. gxh5 {[%clk 00:29:13]} {[%emt
00:00:12]} Rxh4 {[%clk 00:24:35]} {[%emt 00:00:05]} 56. Ke2 {[%clk 00:29:37]}
{[%emt 00:00:06]} Rxh5 {[%clk 00:24:56]} {[%emt 00:00:09]} 57. Kf2 {[%clk
00:30:01]} {[%emt 00:00:06]} Kh7 {[%clk 00:24:29]} {[%emt 00:00:56]} 58. Kg3
{[%clk 00:30:10]} {[%emt 00:00:22]} f5 {[%clk 00:22:39]} {[%emt 00:02:21]} 59.
Ng2 {[%clk 00:30:19]} {[%emt 00:00:20]} Rg5+ {[%clk 00:22:17]} {[%emt
00:00:52]} 60. Kf3 {[%clk 00:30:46]} {[%emt 00:00:03]} Rxg2 {[%clk 00:22:39]}
{[%emt 00:00:08]} 61. Kxg2 {[%clk 00:31:14]} {[%emt 00:00:02]} g5 {[%clk
00:22:52]} {[%emt 00:00:17]} 62. Kg3 {[%clk 00:31:36]} {[%emt 00:00:08]} f4+
{[%clk 00:22:47]} {[%emt 00:00:35]} 63. Kg4 {[%clk 00:31:44]} {[%emt 00:00:22]}
e5 {[%clk 00:22:56]} {[%emt 00:00:21]} 64. Kf3 {[%clk 00:32:10]} {[%emt
00:00:04]} Kg6 {[%clk 00:23:15]} {[%emt 00:00:11]} 65. Kf2 {[%clk 00:32:24]}
{[%emt 00:00:16]} g4 {[%clk 00:23:25]} {[%emt 00:00:20]} 66. Kg2 {[%clk
00:32:50]} {[%emt 00:00:03]} f3+ {[%clk 00:23:50]} {[%emt 00:00:06]} 67. Kg3
{[%clk 00:33:13]} {[%emt 00:00:07]} e4 {[%clk 00:24:14]} {[%emt 00:00:06]} 68.
Kf2 {[%clk 00:33:41]} {[%emt 00:00:02]} Kg5 {[%clk 00:24:20]} {[%emt 00:00:23]}
69. Kf1 {[%clk 00:34:01]} {[%emt 00:00:10]} g3 {[%clk 00:24:38]} {[%emt
00:00:12]} 70. Kg1 {[%clk 00:34:12]} {[%emt 00:00:18]} f2+ {[%clk 00:24:41]}
{[%emt 00:00:29]} 71. Kf1 {[%clk 00:33:32]} {[%emt 00:01:09]} e3 {[%clk
00:24:29]} {[%emt 00:00:43]} 72. Kg2 {[%clk 00:33:32]} {[%emt 00:00:29]} e2
{[%clk 00:24:49]} {[%emt 00:00:11]} 73. Kxg3 {[%clk 00:33:56]} {[%emt
00:00:06]} f1=Q {[%clk 00:24:48]} {[%emt 00:00:31]} 74. Kh2 {[%clk 00:34:20]}
{[%emt 00:00:06]} Qf3 {[%clk 00:24:06]} {[%emt 00:01:12]} 75. Kg1 {[%clk
00:34:43]} {[%emt 00:00:08]} e1=Q+ {[%clk 00:24:27]} {[%emt 00:00:09]} 76. Kh2
{[%clk 00:35:10]} {[%emt 00:00:03]} Qeh1# {[%emt 00:00:10]} 0-1

[Event "Deutsche Ländermeisterschaft 2025"]
[Site "Oer-Erkenschwick GER"]
[Date "2025.10.01"]
[Round "1"]
[White "Glotz, Diana"]
[Black "Steinbrenner, Peter"]
[Result "0-1"]
[Termination "normal"]
[Board "5.7"]
[WhiteElo "1692"]
[BlackElo "2007"]
[WhiteClock "00:29:53"]
[BlackClock "01:00:13"]
[WhiteTeam "Sachsen"]
[BlackTeam "Rheinland-Pfalz"]
[PlyCount "100"]
[WhiteFideId "16278500"]
[BlackFideId "34645535"]
[EventCountry "GER"]
[EventRounds "7"]
[EventType "team-swiss"]
[EventDate "2025.09.30"]

1. d4 {[%clk 01:30:48]} {[%emt 00:00:12]} Nf6 {[%clk 01:30:53]} {[%emt
00:00:07]} 2. Nc3 {[%clk 01:31:09]} {[%emt 00:00:09]} d5 {[%clk 01:31:00]}
{[%emt 00:00:23]} 3. Bf4 {[%clk 01:31:14]} {[%emt 00:00:24]} a6 {[%clk
01:30:51]} {[%emt 00:00:40]} 4. e3 {[%clk 01:30:10]} {[%emt 00:01:35]} e6
{[%clk 01:30:47]} {[%emt 00:00:34]} 5. a3 {[%clk 01:29:32]} {[%emt 00:01:07]}
c5 {[%clk 01:29:49]} {[%emt 00:01:28]} 6. h3 {[%clk 01:25:16]} {[%emt
00:04:46]} Nc6 {[%clk 01:29:07]} {[%emt 00:01:11]} 7. Nf3 {[%clk 01:23:40]}
{[%emt 00:02:07]} Be7 {[%clk 01:28:10]} {[%emt 00:01:27]} 8. Ne2 {[%clk
01:20:23]} {[%emt 00:03:47]} Ne4 {[%clk 01:26:38]} {[%emt 00:02:02]} 9. c3
{[%clk 01:12:29]} {[%emt 00:08:24]} h5 {[%clk 01:24:00]} {[%emt 00:03:08]} 10.
Nd2 {[%clk 00:56:22]} {[%emt 00:16:37]} Nf6 {[%clk 01:23:30]} {[%emt 00:01:00]}
11. Qc2 {[%clk 00:48:24]} {[%emt 00:08:27]} h4 {[%clk 01:16:40]} {[%emt
00:07:20]} 12. Ng1 {[%clk 00:43:49]} {[%emt 00:05:05]} Bd6 {[%clk 01:09:45]}
{[%emt 00:07:25]} 13. Bxd6 {[%clk 00:40:15]} {[%emt 00:04:05]} Qxd6 {[%clk
01:10:00]} {[%emt 00:00:15]} 14. Ngf3 {[%clk 00:40:27]} {[%emt 00:00:18]} e5
{[%clk 01:08:39]} {[%emt 00:01:51]} 15. dxe5 {[%clk 00:36:48]} {[%emt
00:04:10]} Nxe5 {[%clk 01:08:52]} {[%emt 00:00:16]} 16. Nxe5 {[%clk 00:35:37]}
{[%emt 00:01:42]} Qxe5 {[%clk 01:08:41]} {[%emt 00:00:40]} 17. Nf3 {[%clk
00:34:42]} {[%emt 00:01:25]} Qh5 {[%clk 01:07:04]} {[%emt 00:02:06]} 18. Be2
{[%clk 00:31:22]} {[%emt 00:03:51]} O-O {[%clk 01:05:57]} {[%emt 00:01:36]} 19.
Rd1 {[%clk 00:26:10]} {[%emt 00:05:42]} b5 {[%clk 01:01:11]} {[%emt 00:05:17]}
20. a4 {[%clk 00:18:27]} {[%emt 00:08:13]} Rb8 {[%clk 00:53:14]} {[%emt
00:08:26]} 21. axb5 {[%clk 00:16:30]} {[%emt 00:02:28]} axb5 {[%clk 00:53:34]}
{[%emt 00:00:10]} 22. Ra1 {[%clk 00:14:17]} {[%emt 00:02:42]} Bf5 {[%clk
00:51:57]} {[%emt 00:02:07]} 23. Qd2 {[%clk 00:10:32]} {[%emt 00:04:15]} Be4
{[%clk 00:49:45]} {[%emt 00:02:42]} 24. O-O {[%clk 00:07:16]} {[%emt 00:03:46]}
Nd7 {[%clk 00:45:47]} {[%emt 00:04:27]} 25. Ra7 {[%clk 00:05:06]} {[%emt
00:02:41]} Nb6 {[%clk 00:44:51]} {[%emt 00:01:26]} 26. Rfa1 {[%clk 00:03:52]}
{[%emt 00:01:44]} Nc4 {[%clk 00:42:36]} {[%emt 00:02:45]} 27. Qc1 {[%clk
00:04:05]} {[%emt 00:00:18]} Rb6 {[%clk 00:41:07]} {[%emt 00:01:59]} 28. R7a2
{[%clk 00:02:49]} {[%emt 00:01:45]} Rg6 {[%clk 00:40:42]} {[%emt 00:00:56]} 29.
Qd1 {[%clk 00:01:38]} {[%emt 00:01:41]} Qf5 {[%clk 00:35:01]} {[%emt 00:06:10]}
30. Kf1 {[%clk 00:00:54]} {[%emt 00:01:14]} Qf6 {[%clk 00:34:35]} {[%emt
00:00:56]} 31. Ra6 {[%clk 00:00:44]} {[%emt 00:00:41]} Qxa6 {[%clk 00:34:27]}
{[%emt 00:00:37]} 32. Rxa6 {[%clk 00:01:10]} {[%emt 00:00:04]} Rxa6 {[%clk
00:34:51]} {[%emt 00:00:05]} 33. Bxc4 {[%clk 00:01:14]} {[%emt 00:00:28]} bxc4
{[%clk 00:35:07]} {[%emt 00:00:13]} 34. Nxh4 {[%clk 00:01:21]} {[%emt
00:00:24]} Rfa8 {[%clk 00:35:05]} {[%emt 00:00:31]} 35. Qh5 {[%clk 00:00:53]}
{[%emt 00:00:57]} Ra1+ {[%clk 00:35:09]} {[%emt 00:00:27]} 36. Ke2 {[%clk
00:01:20]} {[%emt 00:00:04]} Rb1 {[%clk 00:35:30]} {[%emt 00:00:09]} 37. Nf3
{[%clk 00:00:42]} {[%emt 00:01:09]} Rxb2+ {[%clk 00:35:34]} {[%emt 00:00:25]}
38. Kf1 {[%clk 00:01:04]} {[%emt 00:00:09]} Rb1+ {[%clk 00:35:06]} {[%emt
00:00:57]} 39. Ne1 {[%clk 00:00:56]} {[%emt 00:00:38]} Bd3+ {[%clk 00:35:12]}
{[%emt 00:00:24]} 40. Kg1 {[%clk 00:01:18]} Rxe1+ {[%clk 00:35:39]} {[%emt
00:00:11]} 41. Kh2 {[%clk 00:01:41]} {[%emt 00:00:08]} d4 {[%clk 00:33:54]}
{[%emt 00:02:15]} 42. Qd5 {[%clk 00:01:02]} {[%emt 00:01:08]} Re8 {[%clk
00:33:32]} {[%emt 00:00:51]} 43. exd4 {[%emt 00:00:11]} cxd4 {[%clk 00:33:54]}
{[%emt 00:00:07]} 44. Qxd4 {[%clk 00:01:50]} {[%emt 00:00:03]} Rc1 {[%clk
00:32:39]} {[%emt 00:01:45]} 45. Qd7 {[%clk 00:00:45]} {[%emt 00:01:36]} Rf8
{[%clk 00:30:36]} {[%emt 00:02:33]} 46. Qd4 {[%clk 00:30:25]} {[%emt 00:00:50]}
Rc2 {[%clk 01:00:58]} {[%emt 00:00:07]} 47. h4 {[%clk 00:30:39]} {[%emt
00:00:17]} Re8 {[%clk 00:59:51]} {[%emt 00:01:36]} 48. h5 {[%clk 00:30:28]}
{[%emt 00:00:42]} Re6 {[%clk 00:59:55]} {[%emt 00:00:26]} 49. Qd8+ {[%clk
00:30:21]} {[%emt 00:00:36]} Kh7 {[%clk 01:00:17]} {[%emt 00:00:08]} 50. Qd4
{[%clk 00:29:53]} {[%emt 00:00:58]} Rf6 {[%clk 01:00:13]} {[%emt 00:00:35]} 0-1

[Event "Deutsche Ländermeisterschaft 2025"]
[Site "Oer-Erkenschwick GER"]
[Date "2025.10.01"]
[Round "1"]
[White "Frydel, Helena"]
[Black "Lange, Lene Marie"]
[Result "1-0"]
[Termination "normal"]
[Board "5.8"]
[WhiteElo "1549"]
[BlackElo "1600"]
[WhiteClock "00:48:16"]
[BlackClock "00:26:26"]
[WhiteTeam "Rheinland-Pfalz"]
[BlackTeam "Sachsen"]
[PlyCount "77"]
[WhiteFideId "16266536"]
[BlackFideId "34639748"]
[EventCountry "GER"]
[EventRounds "7"]
[EventType "team-swiss"]
[EventDate "2025.09.30"]

1. e4 {[%clk 01:30:56]} {[%emt 00:00:04]} e5 {[%clk 01:30:51]} {[%emt
00:00:09]} 2. Nf3 {[%clk 01:31:20]} {[%emt 00:00:07]} Nf6 {[%clk 01:31:08]}
{[%emt 00:00:13]} 3. Nc3 {[%clk 01:31:45]} {[%emt 00:00:06]} Nc6 {[%clk
01:31:04]} {[%emt 00:00:33]} 4. d4 {[%clk 01:32:09]} {[%emt 00:00:06]} exd4
{[%clk 01:30:33]} {[%emt 00:01:00]} 5. Nxd4 {[%clk 01:32:32]} {[%emt 00:00:08]}
Bb4 {[%clk 01:29:55]} {[%emt 00:01:08]} 6. Nxc6 {[%clk 01:32:51]} {[%emt
00:00:11]} dxc6 {[%clk 01:29:01]} {[%emt 00:01:23]} 7. Qxd8+ {[%clk 01:32:11]}
{[%emt 00:01:11]} Kxd8 {[%clk 01:29:13]} {[%emt 00:00:17]} 8. Bd2 {[%clk
01:31:15]} {[%emt 00:01:26]} Ke7 {[%clk 01:27:59]} {[%emt 00:01:44]} 9. O-O-O
{[%clk 01:30:20]} {[%emt 00:01:25]} Re8 {[%clk 01:27:43]} {[%emt 00:00:46]} 10.
f3 {[%clk 01:28:42]} {[%emt 00:02:10]} Be6 {[%clk 01:26:59]} {[%emt 00:01:13]}
11. Bd3 {[%clk 01:24:52]} {[%emt 00:04:20]} Kf8 {[%clk 01:26:06]} {[%emt
00:01:22]} 12. g4 {[%clk 01:23:27]} {[%emt 00:01:57]} b5 {[%clk 01:24:52]}
{[%emt 00:01:44]} 13. h4 {[%clk 01:20:09]} {[%emt 00:03:46]} a5 {[%clk
01:23:02]} {[%emt 00:02:20]} 14. h5 {[%clk 01:18:05]} {[%emt 00:02:34]} Bxc3
{[%clk 01:22:47]} {[%emt 00:00:46]} 15. Bxc3 {[%clk 01:17:26]} {[%emt
00:01:09]} b4 {[%clk 01:22:41]} {[%emt 00:00:36]} 16. Bd2 {[%clk 01:17:09]}
{[%emt 00:00:46]} c5 {[%clk 01:22:34]} {[%emt 00:00:37]} 17. g5 {[%clk
01:15:02]} {[%emt 00:02:37]} Ng8 {[%clk 01:21:20]} {[%emt 00:01:45]} 18. Be3
{[%clk 01:09:01]} {[%emt 00:06:31]} c4 {[%clk 01:20:11]} {[%emt 00:01:40]} 19.
Bc5+ {[%emt 00:01:46]} Ne7 {[%clk 01:19:12]} {[%emt 00:01:27]} 20. Be2 {[%clk
01:06:23]} {[%emt 00:01:54]} b3 {[%clk 01:17:29]} {[%emt 00:02:12]} 21. a3
{[%clk 01:02:57]} {[%emt 00:03:58]} Reb8 {[%clk 01:11:18]} {[%emt 00:06:40]}
22. c3 {[%clk 01:01:23]} {[%emt 00:02:04]} Rb5 {[%clk 01:05:20]} {[%emt
00:06:27]} 23. Be3 {[%clk 00:58:45]} {[%emt 00:03:09]} a4 {[%clk 01:02:04]}
{[%emt 00:03:46]} 24. f4 {[%clk 00:58:20]} {[%emt 00:00:54]} f5 {[%clk
00:59:17]} {[%emt 00:03:18]} 25. gxf6 {[%clk 00:57:31]} {[%emt 00:01:18]} gxf6
{[%clk 00:59:40]} {[%emt 00:00:06]} 26. f5 {[%clk 00:57:39]} {[%emt 00:00:23]}
Bf7 {[%clk 01:00:08]} {[%emt 00:00:02]} 27. Bh6+ {[%clk 00:57:21]} {[%emt
00:00:47]} Ke8 {[%clk 01:00:11]} {[%emt 00:00:27]} 28. Rhg1 {[%clk 00:55:48]}
{[%emt 00:02:04]} Ng8 {[%clk 00:56:17]} {[%emt 00:04:24]} 29. Bf4 {[%clk
00:52:29]} {[%emt 00:03:47]} Ra7 {[%clk 00:55:07]} {[%emt 00:01:40]} 30. Rg7
{[%clk 00:52:19]} {[%emt 00:00:41]} h6 {[%clk 00:54:51]} {[%emt 00:00:47]} 31.
Rxf7 {[%clk 00:52:11]} {[%emt 00:00:38]} Kxf7 {[%clk 00:39:20]} {[%emt
00:16:01]} 32. Bxc4+ {[%clk 00:52:20]} {[%emt 00:00:20]} Kg7 {[%clk 00:39:37]}
{[%emt 00:00:13]} 33. Rg1+ {[%clk 00:48:34]} {[%emt 00:04:16]} Kh8 {[%clk
00:36:35]} {[%emt 00:03:31]} 34. Bxb5 {[%clk 00:48:33]} {[%emt 00:00:32]} c5
{[%clk 00:33:05]} {[%emt 00:04:00]} 35. Bc4 {[%clk 00:47:45]} {[%emt 00:01:19]}
Ra8 {[%clk 00:26:26]} {[%emt 00:07:09]} 36. Rxg8+ {[%clk 00:47:38]} {[%emt
00:00:36]} Rxg8 {[%clk 00:26:23]} {[%emt 00:00:33]} 37. Bxg8 {[%clk 00:47:59]}
{[%emt 00:00:10]} Kxg8 {[%clk 00:26:50]} {[%emt 00:00:03]} 38. Kd2 {[%clk
00:47:56]} {[%emt 00:00:33]} Kg7 {[%clk 00:26:26]} {[%emt 00:00:52]} 39. Kd3
{[%clk 00:48:16]} {[%emt 00:00:11]} 1-0

[Event "Deutsche Ländermeisterschaft 2025"]
[Site "Oer-Erkenschwick GER"]
[Date "2025.10.01"]
[Round "1"]
[White "Haack, Kevin"]
[Black "Langer, Paul Georg"]
[Result "1-0"]
[Termination "normal"]
[Board "6.1"]
[WhiteTitle "FM"]
[WhiteElo "2380"]
[BlackElo "1987"]
[WhiteClock "00:31:54"]
[BlackClock "00:00:35"]
[WhiteTeam "Hessen"]
[BlackTeam "Thüringen"]
[PlyCount "69"]
[WhiteFideId "16228715"]
[BlackFideId "16230051"]
[EventCountry "GER"]
[EventRounds "7"]
[EventType "team-swiss"]
[EventDate "2025.09.30"]

1. c4 {[%clk 01:30:55]} {[%emt 00:00:04]} e5 {[%clk 01:30:50]} {[%emt
00:00:11]} 2. g3 {[%clk 01:31:08]} {[%emt 00:00:17]} Nc6 {[%clk 01:31:06]}
{[%emt 00:00:15]} 3. Bg2 {[%clk 01:31:30]} {[%emt 00:00:08]} Nge7 {[%clk
01:31:22]} {[%emt 00:00:14]} 4. Nc3 {[%clk 01:31:48]} {[%emt 00:00:11]} g6
{[%clk 01:31:32]} {[%emt 00:00:20]} 5. Rb1 {[%clk 01:30:44]} {[%emt 00:01:34]}
a5 {[%clk 01:30:31]} {[%emt 00:01:32]} 6. a3 {[%clk 01:30:55]} {[%emt
00:00:18]} Bg7 {[%clk 01:27:07]} {[%emt 00:03:54]} 7. b4 {[%clk 01:30:52]}
{[%emt 00:00:32]} axb4 {[%clk 01:27:28]} {[%emt 00:00:10]} 8. axb4 {[%clk
01:31:19]} {[%emt 00:00:01]} Nd4 {[%clk 01:27:50]} {[%emt 00:00:10]} 9. e3
{[%clk 01:28:29]} {[%emt 00:03:19]} Ne6 {[%clk 01:27:53]} {[%emt 00:00:27]} 10.
Nge2 {[%clk 01:27:58]} {[%emt 00:01:01]} c6 {[%clk 01:26:49]} {[%emt 00:01:34]}
11. Qb3 {[%clk 01:27:01]} {[%emt 00:01:25]} f5 {[%clk 01:22:46]} {[%emt
00:04:35]} 12. d3 {[%clk 01:25:32]} {[%emt 00:01:59]} O-O {[%clk 01:18:51]}
{[%emt 00:04:25]} 13. f4 {[%clk 01:21:12]} {[%emt 00:04:50]} d6 {[%clk
01:13:50]} {[%emt 00:05:31]} 14. O-O {[%clk 01:21:07]} {[%emt 00:00:35]} Kh8
{[%clk 01:00:05]} {[%emt 00:14:16]} 15. b5 {[%clk 01:14:11]} {[%emt 00:07:25]}
Bd7 {[%clk 00:39:48]} {[%emt 00:20:48]} 16. Ba3 {[%clk 00:59:19]} {[%emt
00:15:21]} Qb6 {[%clk 00:16:28]} {[%emt 00:23:51]} 17. Bxd6 {[%clk 00:54:15]}
{[%emt 00:05:33]} Qxe3+ {[%clk 00:15:14]} {[%emt 00:01:44]} 18. Kh1 {[%clk
00:54:44]} {[%emt 00:00:01]} Rfe8 {[%clk 00:07:56]} {[%emt 00:07:49]} 19. Rf3
{[%clk 00:52:27]} {[%emt 00:02:46]} Qb6 {[%clk 00:04:49]} {[%emt 00:03:37]} 20.
fxe5 {[%clk 00:42:27]} {[%emt 00:10:30]} Nc8 {[%clk 00:01:08]} {[%emt
00:04:11]} 21. bxc6 {[%clk 00:41:44]} {[%emt 00:01:13]} Qxb3 {[%clk 00:00:32]}
{[%emt 00:01:06]} 22. cxd7 {[%clk 00:42:11]} {[%emt 00:00:03]} Qxb1+ {[%clk
00:00:45]} {[%emt 00:00:18]} 23. Nxb1 {[%clk 00:42:40]} Nxd6 {[%clk 00:00:37]}
{[%emt 00:00:37]} 24. dxe8=Q+ {[%clk 00:43:06]} {[%emt 00:00:05]} Nxe8 {[%clk
00:00:54]} {[%emt 00:00:12]} 25. d4 {[%clk 00:43:29]} {[%emt 00:00:07]} Rd8
{[%clk 00:00:48]} {[%emt 00:00:36]} 26. d5 {[%clk 00:43:35]} {[%emt 00:00:24]}
Nc5 {[%clk 00:00:40]} {[%emt 00:00:39]} 27. Re3 {[%clk 00:42:10]} {[%emt
00:01:54]} Bh6 {[%clk 00:00:41]} {[%emt 00:00:29]} 28. Nf4 {[%clk 00:36:39]}
{[%emt 00:06:00]} g5 {[%clk 00:00:33]} {[%emt 00:00:40]} 29. Nh5 {[%clk
00:35:36]} {[%emt 00:01:33]} Nd7 {[%clk 00:00:34]} {[%emt 00:00:29]} 30. d6
{[%clk 00:35:01]} {[%emt 00:01:05]} f4 {[%clk 00:00:38]} {[%emt 00:00:26]} 31.
Re2 {[%clk 00:34:04]} {[%emt 00:01:26]} Nc5 {[%clk 00:00:45]} {[%emt 00:00:23]}
32. gxf4 {[%clk 00:31:56]} {[%emt 00:02:38]} gxf4 {[%clk 00:00:56]} {[%emt
00:00:19]} 33. Bd5 {[%clk 00:32:21]} {[%emt 00:00:05]} Ng7 {[%clk 00:00:37]}
{[%emt 00:00:50]} 34. Nxg7 {[%clk 00:31:57]} {[%emt 00:00:54]} Bxg7 {[%clk
00:00:35]} {[%emt 00:00:32]} 35. e6 {[%clk 00:31:54]} {[%emt 00:00:33]} 1-0